<?xml version="1.0" encoding="UTF-8"?><?xml-stylesheet type="text/xsl" href="static/style.xsl"?><OAI-PMH xmlns="http://www.openarchives.org/OAI/2.0/" xmlns:xsi="http://www.w3.org/2001/XMLSchema-instance" xsi:schemaLocation="http://www.openarchives.org/OAI/2.0/ http://www.openarchives.org/OAI/2.0/OAI-PMH.xsd"><responseDate>2026-04-19T08:11:40Z</responseDate><request verb="GetRecord" identifier="oai:riubu.ubu.es:10259/6317" metadataPrefix="marc">https://riubu.ubu.es/oai/request</request><GetRecord><record><header><identifier>oai:riubu.ubu.es:10259/6317</identifier><datestamp>2024-05-14T09:33:22Z</datestamp><setSpec>com_10259.4_2548</setSpec><setSpec>com_10259_5086</setSpec><setSpec>com_10259_2604</setSpec><setSpec>com_10259.4_103</setSpec><setSpec>com_10259.4_1</setSpec><setSpec>col_10259.4_2549</setSpec><setSpec>col_10259_6305</setSpec></header><metadata><record xmlns="http://www.loc.gov/MARC21/slim" xmlns:doc="http://www.lyncode.com/xoai" xmlns:xsi="http://www.w3.org/2001/XMLSchema-instance" xmlns:dcterms="http://purl.org/dc/terms/" xsi:schemaLocation="http://www.loc.gov/MARC21/slim http://www.loc.gov/standards/marcxml/schema/MARC21slim.xsd">
<leader>00925njm 22002777a 4500</leader>
<datafield tag="042" ind1=" " ind2=" ">
<subfield code="a">dc</subfield>
</datafield>
<datafield tag="720" ind1=" " ind2=" ">
<subfield code="a">Martín García, Juan José</subfield>
<subfield code="e">author</subfield>
</datafield>
<datafield tag="260" ind1=" " ind2=" ">
<subfield code="c">2016</subfield>
</datafield>
<datafield tag="520" ind1=" " ind2=" ">
<subfield code="a">La localidad burgalesa de Pradoluengo se ha caracterizado&#xd;
por su dedicación a la industria textil desde el siglo XVI hasta&#xd;
la actualidad. El ingente patrimonio generado durante más de quinientos&#xd;
años por esta actividad económica corre serio peligro de desaparecer totalmente. Sus recursos y elementos singulares adolecen&#xd;
de un proyecto integral que los ponga en valor, no sólo como potencial&#xd;
detonante para la recuperación del pulso de sus sectores secundario&#xd;
y terciario, sino como guía de preservación de una historia genuina&#xd;
y de una forma de vida totalmente divergente respecto a la generalizada&#xd;
en el ámbito rural de su provincia. El artículo hace un balance&#xd;
sobre las claves de sus primeros pasos, apogeo y, a pesar de los pesares,&#xd;
su pervivencia presente.</subfield>
</datafield>
<datafield tag="520" ind1=" " ind2=" ">
<subfield code="a">The town of Pradoluengo in Burgos province has been&#xd;
characterised by its dedication to the textile industry from the sixteenth&#xd;
century until the present. The abundance of heritage material&#xd;
and sites accumulated over more than 500 years as a result of this economic activity are, however, now in very grave danger of comple tely&#xd;
disappearing. These unique reminders of the past lack a coherent promotional project, not only as a potential means of arresting the decline of the locality’s secondary and tertiary sectors, but also as a way&#xd;
of preserving the authentic history of a way of life so strikingly different to that of neighbouring rural communities. In this paper we evaluate the origins of this legacy, its period of splendour and, despite&#xd;
everything, its continued survival.</subfield>
</datafield>
<datafield tag="024" ind2=" " ind1="8">
<subfield code="a">0211-8998</subfield>
</datafield>
<datafield tag="024" ind2=" " ind1="8">
<subfield code="a">http://hdl.handle.net/10259/6317</subfield>
</datafield>
<datafield ind1=" " ind2=" " tag="653">
<subfield code="a">Patrimonio industrial</subfield>
</datafield>
<datafield ind1=" " ind2=" " tag="653">
<subfield code="a">Villa textil</subfield>
</datafield>
<datafield ind1=" " ind2=" " tag="653">
<subfield code="a">Contemporaneidad burgalesa</subfield>
</datafield>
<datafield ind1=" " ind2=" " tag="653">
<subfield code="a">Industrial heritage</subfield>
</datafield>
<datafield ind1=" " ind2=" " tag="653">
<subfield code="a">Textile town</subfield>
</datafield>
<datafield ind1=" " ind2=" " tag="653">
<subfield code="a">Modern-day Burgos</subfield>
</datafield>
<datafield tag="245" ind1="0" ind2="0">
<subfield code="a">Un gallito de la economía contemporánea burgalesa venido a menos: orígenes, desarrollo y decadencia de la "villa textil" y su patrimonio industrial (siglos XVI-XXI)</subfield>
</datafield>
</record></metadata></record></GetRecord></OAI-PMH>